LIBRARY ONLINE CATALOGUE

Sex in a broken world : (Record no. 21440)

MARC details
000 -LEADER
fixed length control field 01624cam a2200337 i 4500
001 - CONTROL NUMBER
control field 19583009
003 - CONTROL NUMBER IDENTIFIER
control field OSt
005 - DATE AND TIME OF LATEST TRANSACTION
control field 20260316110749.0
008 - FIXED-LENGTH DATA ELEMENTS--GENERAL INFORMATION
fixed length control field 170403s2018 ilu b 001 0 eng
010 ## - LIBRARY OF CONGRESS CONTROL NUMBER
LC control number 2017014538
020 ## - INTERNATIONAL STANDARD BOOK NUMBER
International Standard Book Number 9781433556654
Qualifying information tp
035 ## - SYSTEM CONTROL NUMBER
System control number 19583009
040 ## - CATALOGING SOURCE
Original cataloging agency DLC
Language of cataloging eng
Transcribing agency DLC
Description conventions rda
Modifying agency DLC
042 ## - AUTHENTICATION CODE
Authentication code pcc
050 00 - LIBRARY OF CONGRESS CALL NUMBER
Classification number BT708
Item number .T733 2018
082 00 - DEWEY DECIMAL CLASSIFICATION NUMBER
Classification number 261.8/357
Edition number 23
100 1# - MAIN ENTRY--PERSONAL NAME
Personal name Tripp, Paul David,
Dates associated with a name 1950-
Relator term author.
245 10 - TITLE STATEMENT
Title Sex in a broken world :
Remainder of title how Christ redeems what sin distorts /
Statement of responsibility, etc. Paul David Tripp.
264 #1 - PRODUCTION, PUBLICATION, DISTRIBUTION, MANUFACTURE, AND COPYRIGHT NOTICE
Place of production, publication, distribution, manufacture Wheaton :
Name of producer, publisher, distributor, manufacturer Crossway,
Date of production, publication, distribution, manufacture, or copyright notice 2018.
300 ## - PHYSICAL DESCRIPTION
Extent 188 pages ;
Dimensions 20 cm
336 ## - CONTENT TYPE
Content type term text
Content type code txt
Source rdacontent
337 ## - MEDIA TYPE
Media type term unmediated
Media type code n
Source rdamedia
338 ## - CARRIER TYPE
Carrier type term volume
Carrier type code nc
Source rdacarrier
504 ## - BIBLIOGRAPHY, ETC. NOTE
Bibliography, etc Includes bibliographical references and index.
505 0# - FORMATTED CONTENTS NOTE
Formatted contents note Sex in a broken world -- Sorry, but we've gone crazy -- The dangerous dichotomy -- So why do we do the things we do? -- The highest pleasure -- Sex: the big picture -- If sex is about worship, then it can't be just about you -- If sex is about relationship, then it can't be just about you -- If sex is about obedience, then it can't be just about you -- So where do we go from here? -- Sex: are you living as if you're poor?
650 #0 - SUBJECT ADDED ENTRY--TOPICAL TERM
Topical term or geographic name as entry element Sex
General subdivision Religious aspects
-- Christianity.
776 08 - ADDITIONAL PHYSICAL FORM ENTRY
Relationship information Online version:
Main entry heading Tripp, Paul David, 1950- author.
Title Sex in a broken world
Place, publisher, and date of publication Wheaton : Crossway, 2018
International Standard Book Number 9781433556661
Record control number (DLC) 2017045264
906 ## - LOCAL DATA ELEMENT F, LDF (RLIN)
a 7
b cbc
c orignew
d 1
e ecip
f 20
g y-gencatlg
942 ## - ADDED ENTRY ELEMENTS (KOHA)
Source of classification or shelving scheme Library of Congress Classification
Koha item type General Collection
Holdings
Withdrawn status Lost status Source of classification or shelving scheme Not for loan Home library Current library Shelving location Date acquired Source of acquisition Inventory number Total Checkouts Full call number Barcode Date last seen Copy number Price effective from Koha item type
    Library of Congress Classification   Kabarak, Main Campus Kabarak, Main Campus General Stacks 16/03/2026 Donation 2025/3267   BT708 .T733 2018 C.1 39283 16/03/2026 C.1 16/03/2026 General Collection